000 00817nam0a22002531 4500
001 rc\2772203
005 20250806210722.0
035 _a(NLR Aleph) 006898560
090 _a12635
_c12635
100 _a20110915d1941 u y0rusy50 ca
101 0 _arus
102 _aRU
105 _ay z |||||
200 1 _aКак действовать на лыжах
_eПамятку сост. В. А. Корольков
210 _aМосква
_cВоениздат НКО СССР
_d1941
215 _a81, [2] с.
_d14 см.
700 1 _aКорольков
_bВ.А.
_gВячеслав Алексеевич
801 0 _aRU
_bNLR
_gpsbo
801 1 _aRU
_bELAR
_2rusmarc
852 _aNLR
_jВ40 Г-2/197
942 _cBOOK
945 _aРоссийская национальная библиотека
980 _aNB
980 _aBV